000 00312nam a2200121 i 4500
001 bg
245 0 _aKierownik w socjalistycznym zakładzie pracy :
_bporadnik dla kadr kierowniczych.
260 _aWarszawa,
_c1980.
040 _cBPK
041 _apol
942 _cKS
008 s pl f |000 0 pol
999 _c19341
_d19341
856 _uhttp://koha.tu.koszalin.pl/cgi-bin/koha/opac-detail.pl?biblionumber=19341
_yKatalog online BPK